00656 2200265 4500001002100000005001500021007000300036008004100039020001800080035002000098082001200118084001800130100002100148245004300169260003800212300002800250990001400278990001400292990001400306990001400320990001400334990001400348990001400362990001400376INLIS00000000000750620260129084225ta260129 0 ind  a979-489-303-X a0010-0126000115 a636.513 a636.513 SUH a1 aSuharno, Bambang1 aAgribisnis Ayam Ras /cBambang Suharno aJakarta :bPenebar Swadaya,c2002 a72 hlm :bilus ;c21 cm a3896/2023 a3897/2023 a3898/2023 a3899/2023 a3900/2023 a3901/2023 a3902/2023 a3903/2023